000 01016cam a2200253 i 4500
999 _c9739
_d9739
003 OSt
005 20230706113428.0
008 120807s2013 njua 001 0 eng
020 _a9781118142066 (pbk.)
041 _aeng.
082 0 0 _a720
_223
_bFRA
100 1 _aChing, Francis D. K.,
_d1943-
245 1 0 _aIntroduction to architecture
_cFrancis D.K. Ching, James F. Eckler.
300 _aviii, 422 pages :
_billustrations ;
_c28 cm
500 _aIncludes index.
520 _a"This major new collection introduces architecture to the beginning student or anyone who wants to learn about the built environment"--
650 0 _aArchitecture
_vTextbooks.
650 7 _aARCHITECTURE / General.
_2bisacsh
700 1 _aEckler, James,
_d1982-
856 4 2 _3Cover image
_uhttp://catalogimages.wiley.com/images/db/jimages/9781118142066.jpg
906 _a7
_bcbc
_corignew
_d1
_eecip
_f20
_gy-gencatlg
942 _2ddc